Statistics for how well do you know 5sos

Click here to take the quiz!

General Stats

  • This quiz has been taken 435 times
  • The average score is 13 of 15

Answer Stats

HintAnswer% Correct
who is the oldestashton
100%
who has tollys on there wristashton
100%
favorite animal is a penguinluke
100%
who is the youngest in the bandluke
100%
who is the tallest in the bandluke
100%
who dyes their hair alotmichael
98%
who does the fam cal kittenmichael
98%
when did the band form2011
96%
what band did the boys go on tour with when they first started rising to fameone direction
93%
what is calums middle nameThomas
93%
what is the name of their second albumsounds good feels good
86%
what is the first song on sounds good feels goodmoney
77%
what is the last song on sounds good feels goodouter space
68%
what was cals name in the dont stop videocalpal
66%
what is lukes nicknamebreadstick
30%

Score Distribution

Percentile by Number Answered

Percent of People with Each Score

Your Score History

You have not taken this quiz